Tunnettuja Hanna nimisiä henkilöitä - Statistics

Yleistilastot
  • Tätä visaa on pelattu 59 kertaa
  • Keskiarvotulos 3 / 10
Vastaustilastot
Vihje Vastaus % Oikein
Laulaja Hanna Pakarinen
94%
Toimittaja, juontaja Hanna Sumari
49%
Laulaja Hanna Ekola
30%
Ravitsemusterapeutti Hanna Partanen
30%
Näyttelijä Hanna Kinnunen
19%
Uimari Hanna-Maria Hintsa
9%
Kansanedustaja Hanna Sarkkinen
9%
Bloggaaja Hanna Väyrynen
9%
Laulaja ja näyttelijä Hanna-Riikka Siitonen
4%
Kansanedustaja Hanna Kosonen
2%
Ehtoja vastaavia visoja ei löytynyt
Tulosjakauma
Jokaisen tuloksen saaneiden osuus
Persentiili vastausten määrän mukaan
Tuloshistoriasi
Et ole pelannut tätä visaa